Perfect - Ed Sheeran - ALL LYRICS - Statistics

General Stats
  • This quiz has been taken 212 times
  • The average score is 235 of 286
Answer Stats
Answer % Correct
a
99%
I
99%
i
99%
an
96%
be
96%
Be
96%
you
96%
in
95%
love
95%
and
94%
And
94%
me
94%
my
94%
so
94%
the
94%
found
93%
Darling
92%
darling
92%
to
92%
To
92%
just
91%
know
91%
for
90%
girl
90%
perfect
90%
we
90%
when
90%
When
90%
your
90%
beautiful
89%
look
89%
were
89%
we're
89%
on
88%
it
87%
Baby
85%
baby
85%
this
85%
tonight
85%
what
85%
arms
83%
follow
83%
sweet
83%
between
82%
dancing
82%
eyes
82%
kids
82%
our
82%
was
82%
dark
81%
hold
81%
knew
81%
lead
81%
not
81%
right
81%
fell
80%
waiting
80%
all
78%
is
78%
knowing
78%
She
78%
she
78%
song
78%
with
78%
listening
77%
never
77%
kiss
76%
someone
76%
I'm
75%
than
75%
that
75%
barefoot
74%
dive
74%
grass
74%
heart
74%
own
74%
I'll
73%
I'll
73%
time
73%
woman
73%
but
72%
don't
72%
slow
72%
will
72%
carry
69%
deserve
69%
give
69%
hand
69%
man
69%
mine
69%
see
69%
favourite
68%
up
68%
'cause
67%
children
67%
said
67%
are
66%
of
66%
underneath
66%
anyone
65%
stronger
65%
whispered
65%
hope
64%
more
64%
saw
64%
holding
63%
mess
63%
Oh
63%
dreams
62%
home
62%
her
61%
dress
60%
heard
60%
looked
60%
Well
60%
well
60%
we'll
60%
have
59%
secrets
59%
share
59%
future
58%
looks
58%
someday
58%
angel
56%
Now
56%
person
55%
looking
52%
still
52%
faith
50%
met
50%
shares
50%
against
49%
alright
49%
odds
49%
fighting
46%
breathe
44%
lover
28%
No matching quizzes found
Score Distribution
Percent of People with Each Score
Percentile by Number Answered
Your Score History
You have not taken this quiz